[Event "ICS rated blitz match"]
[Site "204.178.125.65"]
[Date "2000.11.21"]
[Round "?"]
[White "CosmicJoke"]
[Black "Hossa"]
[Result "1-0"]
[WhiteElo "2857"]
[BlackElo "2578"]
[PlyCount "133"]
[EventDate "2000.??.??"]

1. e4 c6 2. d4 d5 3. Nd2 dxe4 4. Nxe4 Nd7 5. Bc4 Nb6 6. Bb3 Bf5 7. Ng3 Bg6 8.
h4 h6 9. Nf3 e6 10. Ne5 Bh7 11. Qe2 Qe7 12. c3 Nf6 13. O-O Nfd7 14. Nf3 O-O-O
15. c4 c5 16. Be3 Nf6 17. dxc5 Bd3 18. cxb6 Bxe2 19. bxa7 Kc7 20. Nxe2 Ng4 21.
Bd4 b6 22. Bc2 Ra8 23. Nc3 Rxa7 24. Nb5+ Kb8 25. Bxb6 Rb7 26. Bd4 e5 27. Rfe1
f6 28. Rad1 Qe8 29. Bf5 h5 30. Bxg4 hxg4 31. Nxe5 Bb4 32. Re3 g3 33. a3 gxf2+
34. Kxf2 Be7 35. Nf3 Qc8 36. b3 Qf5 37. Rde1 Rxb5 38. cxb5 Bxa3 39. Ra1 Bc5 40.
Kg1 Rd8 41. Ra4 Qb1+ 42. Kh2 Bd6+ 43. g3 Qf1 44. Ra2 Qxb5 45. b4 Bxb4 46. Rb3
Re8 47. Bf2 Kc8 48. Nd4 Qd5 49. Rc2+ Kd7 50. Rxb4 Rc8 51. Re2 Rc1 52. Bg1 Rd1
53. Ra4 Qc5 54. Rea2 g6 55. Ra7+ Kc8 56. Rg7 Qd5 57. Re2 Rxd4 58. Bxd4 Qc6 59.
Bc5 Qa4 60. Bf2 Qc6 61. Ree7 Kd8 62. Ra7 Qd5 63. Rh7 Kc8 64. Bb6 Qd2+ 65. Kh3
Kb8 66. Rh8+ Qd8 67. Rxd8# {Hossa checkmated} 1-0

[Event "ICS rated blitz match"]
[Site "204.178.125.65"]
[Date "2000.11.21"]
[Round "?"]
[White "ChesterX"]
[Black "Hossa"]
[Result "0-1"]
[WhiteElo "2377"]
[BlackElo "2573"]
[PlyCount "164"]
[EventDate "2000.??.??"]

1. e4 c5 2. Nf3 e6 3. d4 cxd4 4. Nxd4 a6 5. Bd3 Nf6 6. O-O d6 7. c4 g6 8. Nc3
Bg7 9. Be3 O-O 10. Rc1 b6 11. Qd2 Ng4 12. Bg5 f6 13. Bh4 Bh6 14. f4 e5 15. Nde2
exf4 16. Bc2 Ra7 17. Nxf4 g5 18. h3 gxh4 19. hxg4 Bxg4 20. Rce1 h3 21. gxh3
Bxf4 22. Qd5+ Kh8 23. hxg4 Be5 24. Rf5 Rc7 25. Qd3 Nc6 26. Bd1 Nb4 27. Qe2 Rg8
28. Nd5 Nxd5 29. cxd5 Rxg4+ 30. Qxg4 Rg7 31. Qxg7+ Kxg7 32. Re2 Qe8 33. Bb3 Kf8
34. Kf2 Bxb2 35. Ke3 Be5 36. Rc2 Qd7 37. Bc4 b5 38. Bd3 Qa7+ 39. Ke2 Qb7 40.
Rc6 a5 41. Rf1 Qd7 42. Bxb5 h5 43. Rf3 Kg7 44. Ba6 Qg4 45. Rc7+ Kh6 46. Rc4 Qg1
47. Bb5 Bd4 48. Rd3 Qg2+ 49. Kd1 Qxa2 50. Ba6 Be5 51. Rd2 Qb3+ 52. Ke2 Bc3 53.
Rd3 Qb2+ 54. Kd1 Qb1+ 55. Ke2 Qe1+ 56. Kf3 Bd2 57. Rxd2 Qxd2 58. Rc8 f5 59. Re8
fxe4+ 60. Rxe4 Qxd5 61. Bc4 Qd1+ 62. Be2 Qb3+ 63. Kf2 Kg5 64. Re3 Qb6 65. Kf3
Qc6+ 66. Kg3 h4+ 67. Kh2 Qc5 68. Re8 Kf6 69. Bf3 a4 70. Re2 Qg5 71. Bb7 a3 72.
Rf2+ Ke5 73. Ra2 Qf4+ 74. Kg2 h3+ 75. Kg1 Qc4 76. Rxa3 Qc5+ 77. Kh2 Qxa3 78.
Bg2 hxg2 79. Kxg2 Kf4 80. Kg1 Qa2 81. Kf1 Kf3 82. Ke1 Qe2# {ChesterX checkmated
} 0-1

[Event "ICS rated blitz match"]
[Site "204.178.125.65"]
[Date "2000.11.21"]
[Round "?"]
[White "Hossa"]
[Black "warps"]
[Result "0-1"]
[WhiteElo "2581"]
[BlackElo "2747"]
[PlyCount "124"]
[EventDate "2000.??.??"]

1. e4 e5 2. Bc4 Nf6 3. d3 Nc6 4. Nf3 Be7 5. c3 O-O 6. O-O d6 7. b4 a6 8. a4 d5
9. exd5 Nxd5 10. Re1 Bf6 11. Ba3 Re8 12. b5 Na5 13. Bxd5 Qxd5 14. c4 Qd8 15.
Ra2 Bf5 16. Bb4 axb5 17. axb5 b6 18. Ra3 g6 19. Qc2 Bg7 20. Nbd2 c5 21. bxc6
Nxc6 22. Rxa8 Qxa8 23. Bc3 Rd8 24. Qb2 Rxd3 25. Nxe5 Nxe5 26. Bxe5 Bxe5 27.
Rxe5 Be4 28. f4 Bxg2 29. Re2 Bh3 30. Qxb6 Qa1+ 31. Kf2 Qc3 32. Qb8+ Kg7 33.
Qe5+ Qxe5 34. fxe5 Bg4 35. h4 Bxe2 36. Kxe2 Rc3 37. Nf3 Rxc4 38. Kd3 Rf4 39.
Ke3 Rg4 40. Ke2 f6 41. e6 Re4+ 42. Kd3 Rxe6 43. Nd4 Rd6 44. Ke3 Rxd4 45. Kxd4
Kh6 46. Kd5 Kh5 47. Ke4 Kxh4 48. Ke3 g5 49. Kd3 g4 50. Kd4 g3 51. Kd5 g2 52.
Ke4 g1=Q 53. Kd5 h5 54. Kd6 Qe3 55. Kd5 Kg3 56. Kd6 Qe5+ 57. Kc6 h4 58. Kb6 h3
59. Kc6 h2 60. Kb6 h1=Q 61. Ka7 Qc7+ 62. Ka6 Qhc6# {Hossa checkmated} 0-1

[Event "ICS rated blitz match"]
[Site "204.178.125.65"]
[Date "2000.11.21"]
[Round "?"]
[White "DersuUzala"]
[Black "Hossa"]
[Result "1-0"]
[WhiteElo "2285"]
[BlackElo "2572"]
[PlyCount "119"]
[EventDate "2000.??.??"]

1. e3 Nf6 2. c4 e5 3. Nc3 Be7 4. b3 d5 5. cxd5 Nxd5 6. Nxd5 Qxd5 7. Bb2 O-O 8.
Nf3 e4 9. Bc4 Qh5 10. Nd4 Qg5 11. Qc2 Qxg2 12. O-O-O Bf6 13. f4 c5 14. Nb5 Nd7
15. Rhg1 Qxh2 16. Nc7 Rb8 17. Nd5 Bxb2+ 18. Qxb2 Qh6 19. Rh1 Qxh1 20. Rxh1 Re8
21. Rg1 g6 22. Nf6+ Nxf6 23. Qxf6 Be6 24. Rh1 Bxc4 25. bxc4 Re6 26. Qh4 h5 27.
f5 Rd6 28. f6 Rbd8 29. Qg5 Kf8 30. Rf1 Rxd2 31. Qh6+ Ke8 32. Qg7 h4 33. Qg8+
Kd7 34. Qxd8+ Kxd8 35. Kxd2 h3 36. Rh1 Kd7 37. Rxh3 Ke6 38. Rh4 Ke5 39. Rh8
Kxf6 40. Rb8 b6 41. Ra8 a5 42. Rb8 Kg5 43. Rxb6 f5 44. Rc6 a4 45. Rxc5 Kg4 46.
Rc8 a3 47. Rg8 Kg5 48. c5 Kf6 49. Rd8 Ke7 50. Rd4 f4 51. exf4 e3+ 52. Kxe3 Kf6
53. c6 g5 54. c7 gxf4+ 55. Kxf4 Ke6 56. c8=Q+ Kf6 57. Qf5+ Kg7 58. Rd7+ Kg8 59.
Qc5 Kh8 60. Qc8# {Hossa checkmated} 1-0

[Event "ICS rated bullet match"]
[Site "204.178.125.65"]
[Date "2000.11.21"]
[Round "?"]
[White "Metallica85"]
[Black "Hossa"]
[Result "0-1"]
[WhiteElo "2169"]
[BlackElo "2617"]
[PlyCount "26"]
[EventDate "2000.??.??"]

1. e4 c5 2. Nf3 e6 3. d4 cxd4 4. Nxd4 a6 5. Nc3 Nc6 6. Nde2 Nf6 7. g3 Bc5 8.
Bg2 Ng4 9. O-O Qb6 10. Qe1 Bxf2+ 11. Rxf2 Nb4 12. h3 Nxc2 13. hxg4 Nxe1 {
Metallica85 resigns} 0-1

[Event "ICS rated bullet match"]
[Site "204.178.125.65"]
[Date "2000.11.21"]
[Round "?"]
[White "Marpy1"]
[Black "Hossa"]
[Result "0-1"]
[WhiteElo "2373"]
[BlackElo "2619"]
[PlyCount "64"]
[EventDate "2000.??.??"]

1. d4 d5 2. Nf3 Nf6 3. c3 Bf5 4. Qb3 Qc8 5. Bg5 e6 6. Bxf6 gxf6 7. Ne5 fxe5 8.
dxe5 Nc6 9. Nd2 Nxe5 10. g3 Bc5 11. Bg2 c6 12. h3 Qc7 13. g4 Bg6 14. O-O-O Bxf2
15. Rhf1 Be3 16. c4 Nxc4 17. Qc3 O-O-O 18. b3 Nxd2 19. Qxe3 Nxf1 20. Rxf1 Qa5
21. Kb2 d4 22. Qc1 Qe5 23. Re1 d3+ 24. Qc3 d2 25. Qxe5 dxe1=Q 26. Bf3 Rd2+ 27.
Ka3 Qc1+ 28. Ka4 Rxa2+ 29. Kb4 Qd2+ 30. Qc3 Qd6+ 31. Qc5 a5+ 32. Kc4 Rc2# {
Marpy1 checkmated} 0-1

[Event "ICS rated blitz match"]
[Site "204.178.125.65"]
[Date "2000.11.21"]
[Round "?"]
[White "Hossa"]
[Black "libertad"]
[Result "1-0"]
[WhiteElo "2545"]
[BlackElo "1984"]
[PlyCount "45"]
[EventDate "2000.??.??"]

1. e3 d5 2. c4 dxc4 3. Bxc4 Nf6 4. Nf3 Nc6 5. d3 Bf5 6. Qb3 e6 7. e4 Bg4 8.
Qxb7 Na5 9. Bb5+ c6 10. Bxc6+ Nxc6 11. Qxc6+ Nd7 12. Nc3 Bxf3 13. gxf3 Bb4 14.
Be3 O-O 15. d4 Rc8 16. Qb5 Qa5 17. Qxa5 Bxa5 18. Rc1 e5 19. d5 Nc5 20. Ke2 f5
21. Nb5 Bb6 22. Nd6 Rc7 23. Nxf5 {libertad resigns} 1-0

[Event "ICS Rated bullet match"]
[Site "204.178.125.65"]
[Date "2000.11.21"]
[Round "?"]
[White "Hossa"]
[Black "Tim"]
[Result "1-0"]
[WhiteElo "2625"]
[BlackElo "2162"]
[PlyCount "41"]
[EventDate "2000.??.??"]

1. e3 d5 2. c4 e6 3. cxd5 exd5 4. d4 Nf6 5. Nf3 Ne4 6. Nbd2 f5 7. Ne5 Qf6 8.
Qb3 c6 9. Ndf3 Bd6 10. Be2 O-O 11. h3 b6 12. Bb5 cxb5 13. Qxd5+ Kh8 14. Qxa8
Nd7 15. Nxd7 Bxd7 16. Qxa7 Qe7 17. Ne5 Bxe5 18. dxe5 Qb4+ 19. Kf1 Be6 20. Qa3
Bc4+ 21. Kg1 {Tim resigns} 1-0

[Event "ICS rated blitz match"]
[Site "204.178.125.65"]
[Date "2000.11.21"]
[Round "?"]
[White "Hossa"]
[Black "DersuUzala"]
[Result "1-0"]
[WhiteElo "2546"]
[BlackElo "2289"]
[PlyCount "23"]
[EventDate "2000.??.??"]

1. e3 f5 2. Nf3 Nf6 3. Bb5 e6 4. O-O b6 5. Nc3 Bb7 6. Ng5 h6 7. Nxe6 Qe7 8.
Nxc7+ Kf7 9. Bc4+ Kg6 10. d3 Nc6 11. Nxa8 Bxa8 12. Qf3 {DersuUzala resigns} 1-0

[Event "ICS rated blitz match"]
[Site "204.178.125.65"]
[Date "2000.11.21"]
[Round "?"]
[White "DersuUzala"]
[Black "Hossa"]
[Result "0-1"]
[WhiteElo "2283"]
[BlackElo "2552"]
[PlyCount "66"]
[EventDate "2000.??.??"]

1. e3 e5 2. c4 Nc6 3. Nc3 Nf6 4. a3 d5 5. cxd5 Nxd5 6. Bc4 Be6 7. Bb5 Nxc3 8.
bxc3 Qd5 9. Bxc6+ Qxc6 10. Nf3 f6 11. O-O O-O-O 12. d4 Qxc3 13. Bd2 Qd3 14. Qa4
e4 15. Qxa7 exf3 16. Rfd1 fxg2 17. Qa8+ Kd7 18. Qxb7 Qe2 19. Rac1 Ke8 20. Bb4
Bxb4 21. axb4 Bd5 22. Qxc7 Qg4 23. b5 Rg8 24. b6 Rd7 25. Qc5 Kf7 26. Ra1 Re8
27. Rdc1 Qf3 28. Ra7 Bb7 29. d5 Red8 30. d6 Rxd6 31. Qc7+ Kg6 32. Qc2+ Be4 33.
Qb3 Rd1+ {DersuUzala resigns} 0-1

[Event "ICS rated blitz match"]
[Site "204.178.125.65"]
[Date "2000.11.21"]
[Round "?"]
[White "QueenMaxima"]
[Black "Hossa"]
[Result "0-1"]
[WhiteElo "2523"]
[BlackElo "2558"]
[PlyCount "96"]
[EventDate "2000.??.??"]

1. d4 d5 2. c4 e6 3. Nf3 Nf6 4. Bg5 h6 5. Bxf6 Qxf6 6. Nc3 c6 7. e3 Nd7 8. Bd3
dxc4 9. Bxc4 Nb6 10. Bd3 Nd5 11. Qb3 Nxc3 12. Qxc3 Bd6 13. O-O O-O 14. Rac1 Rd8
15. Ne5 c5 16. Rfd1 cxd4 17. exd4 Qf4 18. Qe1 g6 19. Bb5 a6 20. Qa5 Qg5 21. f4
Qe7 22. Ba4 Rf8 23. Kh1 Qf6 24. Rf1 Qh4 25. Rf3 Qf6 26. Bc2 Qe7 27. Be4 Bb4 28.
Qb6 Bd6 29. Rh3 Qd8 30. Qb3 Qa5 31. Nc4 Qd8 32. g3 Bc7 33. Rxh6 Qxd4 34. Bxb7
Rb8 35. Nd6 Qxd6 36. Rxc7 Qxc7 37. Kg2 Bxb7+ 38. Kf2 Bd5 39. Qc3 Qxc3 40. bxc3
Rfc8 41. Ke3 Rxc3+ 42. Kd4 Rc4+ 43. Ke3 Rb2 44. a3 Rb3+ 45. Kd2 Be4 46. Rxg6+
fxg6 47. Ke1 Rc2 48. h4 Rb1# {QueenMaxima checkmated} 0-1

[Event "ICS rated blitz match"]
[Site "204.178.125.65"]
[Date "2000.11.21"]
[Round "?"]
[White "Hossa"]
[Black "CosmicJoke"]
[Result "0-1"]
[WhiteElo "2572"]
[BlackElo "2861"]
[PlyCount "100"]
[EventDate "2000.??.??"]

1. e3 d5 2. c4 dxc4 3. Bxc4 e5 4. Nc3 Nc6 5. Nf3 f5 6. d4 e4 7. Ne5 Nxe5 8.
dxe5 Qxd1+ 9. Nxd1 Bd7 10. O-O O-O-O 11. b3 Re8 12. Bb2 Nh6 13. f4 exf3 14.
gxf3 Bc5 15. Rc1 Rd8 16. e6 Bc6 17. Kh1 Rhe8 18. Bxg7 Ng4 19. Be2 Nxe3 20. Re1
Bb4 21. Nxe3 Bxe1 22. Rxe1 Rxe6 23. Bc4 Rg6 24. Rf1 Rxg7 25. Nxf5 Rg5 26. Ne7+
Kd7 27. Nxc6 Kxc6 28. f4 Rf5 29. Rf3 Rd1+ 30. Bf1 h5 31. Kg2 Rd2+ 32. Kh3 Rxa2
33. Bd3 Rf6 34. Be4+ Kb6 35. Bd3 Rb2 36. Bc4 Rf5 37. Kg3 Rd2 38. Be6 Rf8 39. f5
Kc5 40. Rf4 Kd6 41. Rh4 Rh8 42. Re4 b5 43. h3 Rd3+ 44. Kh4 c5 45. Re2 a5 46.
Ra2 Ra8 47. Kxh5 Rg3 48. Rd2+ Ke5 49. Kh4 Rg7 50. Rd5+ Kf4 {Hossa resigns} 0-1

[Event "ICS rated blitz match"]
[Site "204.178.125.65"]
[Date "2000.11.21"]
[Round "?"]
[White "QueenMaxima"]
[Black "Hossa"]
[Result "1-0"]
[WhiteElo "2513"]
[BlackElo "2567"]
[PlyCount "135"]
[EventDate "2000.??.??"]

1. d4 d5 2. c4 e6 3. Nf3 Nf6 4. Nc3 Be7 5. Bg5 O-O 6. e3 Nbd7 7. Rc1 c6 8. Bd3
dxc4 9. Bxc4 Nb6 10. Bd3 h6 11. Bh4 Nbd5 12. O-O Qa5 13. Qb3 Qb6 14. Nd2 Qxb3
15. Nxb3 Bd6 16. Nxd5 Nxd5 17. Nc5 g5 18. Bg3 Bxg3 19. hxg3 f5 20. Rfe1 b6 21.
Nb3 Bd7 22. Nd2 Kg7 23. Nf3 Rfd8 24. Ne5 Rac8 25. g4 fxg4 26. Ba6 Rc7 27. Nxg4
Nb4 28. Bc4 c5 29. Ne5 cxd4 30. exd4 Rcc8 31. Rc3 Ra8 32. a3 b5 33. Bb3 Na6 34.
Nxd7 Rxd7 35. Rxe6 Nc7 36. Re5 Rad8 37. Rc6 a6 38. Rec5 Ne8 39. Rxa6 Rb8 40.
Rcc6 Kf8 41. Rxh6 Rdb7 42. Rag6 Ke7 43. Rxg5 Kd8 44. Rh8 Re7 45. Kf1 Rb6 46.
Rc5 Kd7 47. a4 Rd6 48. d5 b4 49. Rh4 Rb6 50. Rcc4 Rg6 51. Rxb4 Nd6 52. Bd1 Rg5
53. Bg4+ Kc7 54. Be6 Re5 55. Rh8 R5xe6 56. dxe6 Rxe6 57. Rd4 Nf7 58. Rh7 Rf6
59. b4 Rf5 60. g4 Rf3 61. g5 Kc6 62. g6 Ne5 63. g7 Rf7 64. g8=Q Rxh7 65. Qc8+
Kb6 66. Rd6+ Nc6 67. Rxc6+ Ka7 68. Ra6# {Hossa checkmated} 1-0

[Event "ICS rated blitz match"]
[Site "204.178.125.65"]
[Date "2000.11.21"]
[Round "?"]
[White "Hossa"]
[Black "QueenMaxima"]
[Result "1-0"]
[WhiteElo "2549"]
[BlackElo "2531"]
[PlyCount "129"]
[EventDate "2000.??.??"]

1. e4 g6 2. d4 c6 3. Nf3 Bg7 4. Bd3 d5 5. e5 Nh6 6. O-O O-O 7. Bf4 Qb6 8. Qc1
Nf5 9. c3 Na6 10. g4 Nxd4 11. Nxd4 c5 12. Nc2 Bxg4 13. Ne3 Be6 14. Rd1 d4 15.
Nc4 Qc6 16. cxd4 cxd4 17. Bf1 Rac8 18. Nba3 b5 19. Na5 Qe4 20. Bg2 Rxc1 21.
Bxe4 Rxa1 22. Rxa1 Nc5 23. Re1 d3 24. Nxb5 Nxe4 25. Rxe4 Rb8 26. a4 Rd8 27. Bd2
Rd7 28. Nc3 Bf5 29. Re1 Bg4 30. Nc6 Bf3 31. Ne4 Kh8 32. Re3 Be2 33. b4 Rc7 34.
b5 Bh6 35. Rg3 Bxd2 36. Nxd2 a6 37. f4 f6 38. e6 axb5 39. axb5 Rb7 40. f5 Rxb5
41. Nxe7 g5 42. Nc8 Rc5 43. Nd6 Rc7 44. Re3 Re7 45. N6e4 Kg7 46. Ng3 Re8 47.
Nxe2 dxe2 48. Rxe2 h5 49. Ne4 g4 50. Rd2 Re7 51. Rd7 Kf8 52. Nxf6 Rxd7 53.
Nxd7+ Ke7 54. Nb6 Kf6 55. Nd5+ Kxf5 56. e7 Ke6 57. e8=Q+ Kxd5 58. Qxh5+ Kd4 59.
Kf2 g3+ 60. hxg3 Ke4 61. Qc5 Kd3 62. Qb4 Kc2 63. Ke3 Kc1 64. Kd3 Kd1 65. Qb1# {
QueenMaxima checkmated} 1-0

[Event "ICS rated blitz match"]
[Site "204.178.125.65"]
[Date "2000.11.21"]
[Round "?"]
[White "QueenMaxima"]
[Black "Hossa"]
[Result "1-0"]
[WhiteElo "2516"]
[BlackElo "2564"]
[PlyCount "113"]
[EventDate "2000.??.??"]

1. d4 Nf6 2. c4 e6 3. Nc3 Bb4 4. Qc2 d5 5. e3 O-O 6. Nf3 b6 7. cxd5 exd5 8. Bd2
c6 9. Bd3 Ba6 10. O-O Bxd3 11. Qxd3 a5 12. Rac1 Ra7 13. Ne5 Re8 14. Ne2 Bxd2
15. Qxd2 Qc8 16. Qc2 Ng4 17. Nf3 Nf6 18. Ng3 Rc7 19. Rfd1 Ne4 20. Nxe4 Rxe4 21.
Ne5 Rh4 22. h3 f6 23. Nf3 Rh5 24. Qb3 Qb7 25. Rd3 Re7 26. Rdc3 Re8 27. a4 Qc7
28. Qb5 Rc8 29. Qd3 Qe7 30. Qd1 Qe6 31. Rb3 Nd7 32. Ne5 Rxe5 33. dxe5 fxe5 34.
Qg4 Qf7 35. Rbc3 Rf8 36. Rxc6 Qxf2+ 37. Kh2 Rf7 38. Rc8+ Nf8 39. Qe6 Kh8 40.
Qxd5 Rf5 41. Qe6 g6 42. Qe7 Rf7 43. Rxf8+ Rxf8 44. Rc7 Rf7 45. Qxf7 Qxf7 46.
Rxf7 g5 47. Rf6 g4 48. hxg4 Kg7 49. Rxb6 Kf7 50. b4 axb4 51. a5 Ke7 52. a6 b3
53. a7 b2 54. a8=Q b1=Q 55. Qa7+ Kf8 56. Rxb1 h6 57. Rb8# {Hossa checkmated}
1-0

[Event "ICS rated bullet match"]
[Site "204.178.125.65"]
[Date "2000.11.21"]
[Round "?"]
[White "coward"]
[Black "Hossa"]
[Result "0-1"]
[WhiteElo "2130"]
[BlackElo "2627"]
[PlyCount "52"]
[EventDate "2000.??.??"]

1. e4 c5 2. Nf3 e6 3. d4 cxd4 4. Nxd4 a6 5. Bd3 Nf6 6. O-O d6 7. Nc3 Be7 8. a4
O-O 9. Be3 Nc6 10. f4 Qb6 11. Nf5 Qc7 12. Nxe7+ Qxe7 13. a5 Bd7 14. Na4 Nb4 15.
Nb6 Rad8 16. Qe2 Bc6 17. Bf2 d5 18. e5 Ne4 19. Bd4 Nxd3 20. cxd3 Qb4 21. Be3 d4
22. Bc1 Nc5 23. Ra3 Nb3 24. Qe1 Qb5 25. Nc4 Bd5 26. Nd6 Qxd3 {coward resigns}
0-1

[Event "ICS rated blitz match"]
[Site "204.178.125.65"]
[Date "2000.11.21"]
[Round "?"]
[White "Hossa"]
[Black "PostModernist"]
[Result "0-1"]
[WhiteElo "2546"]
[BlackElo "2620"]
[PlyCount "112"]
[EventDate "2000.??.??"]

1. d4 f5 2. g3 e6 3. Bg2 Nf6 4. Nf3 d5 5. O-O Bd6 6. c4 c6 7. Ne5 O-O 8. cxd5
exd5 9. Nd3 Qe8 10. Bf4 Bxf4 11. Nxf4 Ne4 12. Nd2 Be6 13. Nf3 Nd7 14. Qb3 Rb8
15. Qa4 a6 16. Qc2 Qf7 17. Nd3 Rfe8 18. Nfe5 Qh5 19. Nf4 Qh6 20. f3 Nd6 21. e4
Nxe5 22. dxe5 Nc4 23. Qc3 Bf7 24. e6 Bxe6 25. b3 Nd6 26. Qc5 Bf7 27. exd5 cxd5
28. Nxd5 Rbc8 29. Qd4 Nb5 30. Qd3 Rcd8 31. f4 Qd6 32. Rad1 Nc7 33. Rf2 Bxd5 34.
Qxf5 Qc5 35. b4 Qc6 36. Qg5 Rd6 37. f5 Bxg2 38. Rc1 Bh3 39. Qf4 Nd5 40. Qd2
Nxb4 41. Qf4 Nd3 42. Rxc6 Nxf4 43. Rc1 Ne2+ 44. Rxe2 Rxe2 45. g4 Rxa2 46. g5
Rg2+ 47. Kh1 Rxg5 48. Rc8+ Kf7 49. Rc7+ Kf6 50. Rd7 Bg2+ 51. Kg1 Rxd7 52. h4
Rg4 53. Kf2 Rd2+ 54. Ke1 Ra2 55. h5 Bh3 56. h6 Rg1# {Hossa checkmated} 0-1

[Event "ICS Rated blitz match"]
[Site "204.178.125.65"]
[Date "2000.11.21"]
[Round "?"]
[White "Hossa"]
[Black "egya"]
[Result "1-0"]
[WhiteElo "2524"]
[BlackElo "1958"]
[PlyCount "59"]
[EventDate "2000.??.??"]

1. e4 d6 2. d4 c6 3. Nc3 g6 4. Nf3 Bg7 5. Bd3 Nd7 6. O-O e5 7. dxe5 dxe5 8. b3
Ne7 9. Be3 O-O 10. Qd2 Kh8 11. Rfd1 Qc7 12. Ng5 b5 13. a4 b4 14. Ne2 a5 15. Bc4
Kg8 16. Qe1 Nb6 17. Bd3 c5 18. Ng3 h6 19. Nf3 f5 20. exf5 gxf5 21. Nh5 e4 22.
Bf4 Qb7 23. Nxg7 Kxg7 24. Qe3 Ng8 25. Nh4 exd3 26. Qg3+ Kh8 27. Ng6+ Kg7 28.
Bd6 Rf6 29. Ne7+ Kf7 30. Qxg8# {egya checkmated} 1-0

[Event "ICS rated blitz match"]
[Site "204.178.125.65"]
[Date "2000.11.21"]
[Round "?"]
[White "CosmicJoke"]
[Black "Hossa"]
[Result "1-0"]
[WhiteElo "2827"]
[BlackElo "2525"]
[PlyCount "73"]
[EventDate "2000.??.??"]

1. e4 c5 2. Nf3 e6 3. d4 cxd4 4. Nxd4 a6 5. Bd3 Nf6 6. O-O d6 7. c4 g6 8. Nc3
Bg7 9. Be3 O-O 10. Rc1 b6 11. Be2 Bb7 12. f3 Nc6 13. Nxc6 Bxc6 14. Qc2 Nh5 15.
f4 Bxc3 16. Qxc3 Bxe4 17. Bxh5 gxh5 18. f5 Bxf5 19. Rxf5 f6 20. Rxh5 b5 21.
cxb5 Qe8 22. Rh6 axb5 23. Rxf6 Rxf6 24. Qxf6 Qg6 25. Qd4 d5 26. Qe5 Rf8 27. Bd4
Qf6 28. Qxf6 Rxf6 29. Bxf6 Kf7 30. Be5 Kg6 31. Rf1 Kg5 32. Rf6 b4 33. Kf2 Kg4
34. Bf4 h5 35. h3+ Kh4 36. Rg6 d4 37. Bg3# {Hossa checkmated} 1-0

[Event "ICS rated blitz match"]
[Site "204.178.125.65"]
[Date "2000.11.21"]
[Round "?"]
[White "QueenMaxima"]
[Black "Hossa"]
[Result "1-0"]
[WhiteElo "2535"]
[BlackElo "2520"]
[PlyCount "141"]
[EventDate "2000.??.??"]

1. d4 Nf6 2. c4 e6 3. Nc3 Bb4 4. Qc2 O-O 5. Nf3 c5 6. dxc5 Na6 7. g3 Bxc5 8.
Bg2 Nb4 9. Qb3 d5 10. O-O d4 11. Rd1 Nc6 12. Bf4 Qe7 13. Na4 e5 14. Nxc5 exf4
15. Qb5 a6 16. Qb6 Qxe2 17. Rac1 fxg3 18. hxg3 d3 19. Rd2 Qe7 20. Rxd3 Ne4 21.
Nxe4 Qxe4 22. Re3 Qf5 23. Nd4 Nxd4 24. Qxd4 Qg5 25. Rce1 Qa5 26. Qd6 Be6 27.
Bxb7 Rab8 28. Qxa6 Qb4 29. Bd5 Bxd5 30. cxd5 Qd4 31. b3 Qxd5 32. Re7 Ra8 33.
Qe2 h6 34. Rd1 Qf5 35. a4 Rab8 36. Rd3 Rbc8 37. Qf3 Qg5 38. Rdd7 Rc1+ 39. Kh2
Rc5 40. Kg1 Rc1+ 41. Kg2 Qg6 42. Qd5 Qf6 43. b4 Ra1 44. a5 Ra3 45. Rc7 Qg6 46.
Red7 Qf6 47. Qb7 Ra2 48. Qf3 Qe6 49. Re7 Qg6 50. Qd5 Ra3 51. Qe5 Qd3 52. Qe1
Qf3+ 53. Kg1 Rb3 54. a6 Qg4 55. a7 Qd4 56. Kh1 Qd5+ 57. Kg1 Qd4 58. Kh2 Rf3 59.
Kg2 Rf5 60. Rcd7 Qf6 61. b5 Qb2 62. Rb7 Qc2 63. Rb8 g5 64. Rxf8+ Kxf8 65. a8=Q+
Kg7 66. Qea1+ Qc3 67. Qxc3+ Kh7 68. Qd3 Kg7 69. Qxf5 h5 70. Qf8+ Kxf8 71. Qxf7#
{Hossa checkmated} 1-0

[Event "ICS rated blitz match"]
[Site "204.178.125.65"]
[Date "2000.11.21"]
[Round "?"]
[White "Hossa"]
[Black "PostModernist"]
[Result "1-0"]
[WhiteElo "2505"]
[BlackElo "2637"]
[PlyCount "101"]
[EventDate "2000.??.??"]

1. d4 Nf6 2. c4 c5 3. Nf3 cxd4 4. Nxd4 e5 5. Nf3 Bc5 6. Nxe5 Qa5+ 7. Nc3 Bxf2+
8. Kxf2 Qxe5 9. g3 O-O 10. Ke1 Re8 11. Bf4 Qc5 12. b3 Qc6 13. Nd5 Nxd5 14. Qxd5
Qf6 15. Rd1 Nc6 16. Bh3 Nb4 17. Qd2 a5 18. a3 Nc6 19. Rf1 Qg6 20. Rf2 Qh5 21.
Bg2 a4 22. b4 Ne7 23. Bd6 Nf5 24. Qd5 g6 25. Bf4 Ra6 26. b5 Rae6 27. Bf3 Qh3
28. e4 Nh6 29. Bg2 Qxh2 30. Bf3 Qh3 31. Rf1 Ng4 32. Rh1 Nh2 33. Kf2 Rf6 34. Qg5
Ree6 35. e5 h6 36. Qxf6 Rxf6 37. exf6 Kh7 38. Rde1 d5 39. Bxd5 g5 40. Bb8 Qf5+
41. Kg2 Qc2+ 42. Kg1 Qc3 43. Kxh2 Qxa3 44. Re2 Bg4 45. Be4+ Kg8 46. Rd2 Qf8 47.
Bc7 Be6 48. c5 Bc4 49. Bxb7 Bxb5 50. Rd8 Qxd8 51. Bxd8 {PostModernist resigns}
1-0

[Event "ICS rated blitz match"]
[Site "204.178.125.65"]
[Date "2000.11.21"]
[Round "?"]
[White "PostModernist"]
[Black "Hossa"]
[Result "1/2-1/2"]
[WhiteElo "2615"]
[BlackElo "2527"]
[PlyCount "93"]
[EventDate "2000.??.??"]

1. e4 c5 2. c3 d5 3. exd5 Qxd5 4. d4 Nf6 5. Nf3 e6 6. Be2 Nc6 7. Na3 cxd4 8.
Nb5 Qd8 9. Nbxd4 Nxd4 10. Nxd4 Be7 11. O-O O-O 12. Bf4 Nd5 13. Bg3 Bf6 14. Bf3
e5 15. Ne2 Nc7 16. Qc2 Ne6 17. Rad1 Qb6 18. Bd5 Rd8 19. a4 Nf8 20. Be4 Be6 21.
b4 Bc4 22. Rfe1 Ng6 23. Bxg6 hxg6 24. Rxd8+ Rxd8 25. Nc1 Qc7 26. Qe4 b6 27. h3
a6 28. Kh2 Re8 29. f4 b5 30. a5 Qd7 31. fxe5 Bg5 32. h4 Bh6 33. Bf4 Bxf4+ 34.
Qxf4 f6 35. Qg3 Qd2 36. e6 Rxe6 37. Rxe6 Bxe6 38. Nd3 Qxc3 39. Qxg6 Bf7 40. Qe4
Bc4 41. Qa8+ Kh7 42. Qe4+ Kg8 43. Qe8+ Kh7 44. Qh5+ Kg8 45. Qe8+ Kh7 46. Qh5+
Kg8 47. Qe8+ {Game drawn by repetition} 1/2-1/2

[Event "ICS rated blitz match"]
[Site "204.178.125.65"]
[Date "2000.11.21"]
[Round "?"]
[White "Hossa"]
[Black "PostModernist"]
[Result "0-1"]
[WhiteElo "2531"]
[BlackElo "2611"]
[PlyCount "124"]
[EventDate "2000.??.??"]

1. d4 Nf6 2. c4 c5 3. Nf3 g6 4. dxc5 Na6 5. Be3 e6 6. Nc3 Nxc5 7. Bd4 Be7 8. g3
O-O 9. Bg2 b6 10. Qd2 d5 11. cxd5 exd5 12. O-O Bb7 13. Qh6 Re8 14. Rfc1 Bf8 15.
Qg5 Bg7 16. Be5 Nce4 17. Nxe4 dxe4 18. Bc7 Qd5 19. Rd1 Qc4 20. Rac1 Qxa2 21.
Nd4 Qxb2 22. Rc2 Qb4 23. Nc6 Qb3 24. Nd4 Qd5 25. Qd2 Rec8 26. e3 Ne8 27. Qc1
Nxc7 28. Rxc7 Qe5 29. Rxc8+ Rxc8 30. Qb1 Rd8 31. Qc2 Qh5 32. Ra1 Bxd4 33. exd4
Rxd4 34. Rxa7 Qd1+ 35. Qxd1 Rxd1+ 36. Bf1 Bc6 37. f3 e3 38. Re7 Bb5 39. Rxe3
Rxf1+ 40. Kg2 Rd1 41. Rb3 Bf1+ 42. Kf2 b5 43. Ke3 Bc4 44. Ra3 Kg7 45. h3 h5 46.
Kf4 Rd3 47. Rxd3 Bxd3 48. Ke3 Bf1 49. h4 f5 50. Kd2 Kf6 51. Ke3 Ke5 52. Kf2 Bc4
53. Ke1 f4 54. g4 Kd4 55. Kf2 b4 56. Ke1 Ke3 57. Kd1 hxg4 58. fxg4 f3 59. Kc2
f2 60. g5 f1=Q 61. Kb2 Kd2 62. h5 Qc1# {Hossa checkmated} 0-1

[Event "ICS rated blitz match"]
[Site "204.178.125.65"]
[Date "2000.11.21"]
[Round "?"]
[White "Hossa"]
[Black "cfd"]
[Result "1-0"]
[WhiteElo "2519"]
[BlackElo "2142"]
[PlyCount "89"]
[EventDate "2000.??.??"]

1. e4 d6 2. d4 e5 3. dxe5 dxe5 4. Qxd8+ Kxd8 5. Bc4 Be6 6. Bxe6 fxe6 7. Be3 Bd6
8. Nd2 Nf6 9. O-O-O Nc6 10. f3 Ke7 11. Nh3 Rhb8 12. Kb1 b5 13. Nb3 a5 14. Nc5
h6 15. Nf2 Nd7 16. Nxd7 Kxd7 17. Rd2 Ke7 18. Rhd1 Rd8 19. Nd3 Nd4 20. Bxd4 exd4
21. e5 Bb4 22. Nxb4 axb4 23. Rxd4 Rxd4 24. Rxd4 c5 25. Rd6 g5 26. Rb6 Kf7 27.
Rxb5 Rc8 28. c3 bxc3 29. bxc3 Kg6 30. g4 h5 31. Rb6 hxg4 32. fxg4 Kf7 33. Rb7+
Kg6 34. Kb2 c4 35. Re7 Rc6 36. Ka3 Rb6 37. h3 Kh6 38. Ka4 Kg6 39. Ka5 Rb2 40.
Rxe6+ Kf7 41. Rf6+ Ke7 42. Rg6 Rxa2+ 43. Kb4 Rh2 44. Kxc4 Rxh3 45. Rxg5 {
cfd resigns} 1-0

[Event "ICS rated blitz match"]
[Site "204.178.125.65"]
[Date "2000.11.21"]
[Round "?"]
[White "cfd"]
[Black "Hossa"]
[Result "0-1"]
[WhiteElo "2139"]
[BlackElo "2522"]
[PlyCount "32"]
[EventDate "2000.??.??"]

1. d4 Nf6 2. e3 g6 3. b3 Bg7 4. Bb2 O-O 5. Nf3 d6 6. c4 Na6 7. Nc3 c5 8. Be2
cxd4 9. exd4 Re8 10. O-O Bd7 11. d5 Qa5 12. Qd2 Ne4 13. Nxe4 Qxd2 14. Nexd2
Bxb2 15. Rab1 Bh8 16. a3 Bf5 {cfd resigns} 0-1